000 02389nam a2200565 c 4500
999 _c185245
_d185245
003 BLK
005 20240712125638.0
008 180411b bul|||||r ||||||| ||bul||
010 _aKNG00194238000
040 _aBLK
041 _aBUL
_cBUL
072 7 _2bullib
_aЯ
_xАвтографи
072 7 _2bullib
_aН35
_xОбществено управление. Военни науки Н
072 7 _2bullib
_aК
_xКраезнание
072 7 _2bullib
_aРА
_xРусенски автори
080 _b352.071
_x(497.215)(091)
_z352.071(497.215)(091)
080 _aКраезнание
_b908
_x(497.215)
_z908(497.215)
100 1 _aБилчев, Тодор Билчев
_eпърви автор
_9365819
139 _aБилчев, Тодор Билчев и др.
_bБ 44
245 1 0 _a[Сто и петдесет] 150 години Русенска община - юбилейна изложба
_cТодор Билчев Билчев; съавт. Цветомира Димитрова; съавт. Валерия Василева Йорданова.
257 _aBGR
260 _bИзд. авт.
_c2016
_fРусе : Изд. център при РУ А. Кънчев
300 _a142 с.
_bсъс сн., факс.
_c23 см
380 _a3
650 4 _aОбщини - Русе - история
_9265717
650 4 _aМестно самоуправление - Русе - история
_9301703
650 4 _aРусе - обществено управление
_9283327
650 4 _aРусе - история
_9242626
650 4 _aКметове - Русе
_9283326
650 4 _aКметства - Русе - история
_9264702
651 4 _aРусе
_9179462
651 4 _aБългария
_9241624
653 _aОбщина Русе
653 _aобщини
653 _aистория
653 _aюбилейни сборници
659 _aК
659 _aН
659 _aЯ
700 1 _aДимитрова, Цветомира
_eсъавт.
_9373277
700 1 _aЙорданова, Валерия Василева
_d1966 -
_973993
852 _aЦб 282950
852 _aК 352/354/Б 44 Т
856 4 _qpdf
856 4 _qpdf
942 _cKNG
_n0
_s1
944 _aCR
_c21.10.2016
_lГеновева Генчева
_k30560
944 _aED
_c06.02.2017
_lф /
_kЛюдмила_Стоянова
999 _d185245